[Event "23. Erfurter Schachfestival 2013 / Haup"]
[Site "Erfurt"]
[Date "2013.12.27"]
[Round "3.8"]
[White "Drezewski, Alexander"]
[Black "Dannhaeuser, Kevin"]
[Result "0-1"]
[WhiteElo "1906"]
[BlackElo "1773"]
[PlyCount "120"]
[EventDate "2013.12.26"]
[EventRounds "8"]
[EventCountry "GER"]

1. d4 Nf6 2. Nf3 g6 3. g3 Bg7 4. Bg2 d5 5. O-O Nbd7 6. c3 c5 7. Bf4 O-O 8. Ne5
Qb6 9. Qd2 Rd8 10. Na3 Ne4 11. Bxe4 dxe4 12. Nac4 Qe6 13. dxc5 f6 14. Nxg6 hxg6
15. b3 Rf8 16. Be3 f5 17. Rad1 Ne5 18. Nxe5 Bxe5 19. f4 exf3 20. exf3 Qf7 21.
Bd4 Bf6 22. Rfe1 Be6 23. Qe2 Bd5 24. c4 Bc6 25. Kf2 Rfe8 26. Be5 Bxe5 27. Qxe5
Qf6 28. Qe3 Rad8 29. Rd2 Rxd2+ 30. Qxd2 e5 31. Qd6 Kf7 32. Rd1 Qxd6 33. cxd6
Ke6 34. c5 e4 35. f4 b6 36. b4 bxc5 37. bxc5 Rb8 38. Rd2 Rb5 39. Rc2 a5 40. Ke3
Kd5 41. Rd2+ Kxc5 42. d7 Bxd7 43. Rxd7 Rb2 44. Rg7 Rxh2 45. Rxg6 Rxa2 46. Rg5
Ra3+ 47. Kf2 Kd4 48. Rxf5 Ra2+ 49. Kf1 Ke3 50. Rb5 Kf3 51. Rb3+ e3 52. Kg1 Rg2+
53. Kf1 Rxg3 54. Ra3 Rh3 55. Kg1 Rh5 56. Ra4 Rd5 57. Ra3 Rd1+ 58. Kh2 Kf2 59.
f5 e2 60. Ra2 Rd5 0-1

[Event "23. Erfurter Schachfestival 2013 / Haup"]
[Site "Erfurt"]
[Date "2013.12.27"]
[Round "3.9"]
[White "Schmidt, Daniel"]
[Black "Niessner, Ansgar"]
[Result "1/2-1/2"]
[WhiteElo "1671"]
[BlackElo "1920"]
[PlyCount "47"]
[EventDate "2013.12.26"]
[EventRounds "8"]
[EventCountry "GER"]

1. e4 c6 2. d4 d5 3. Nc3 dxe4 4. Nxe4 Nd7 5. Nf3 Ngf6 6. Ng3 e6 7. Bd3 Bd6 8.
O-O O-O 9. c3 c5 10. Be3 Re8 11. Qc2 h6 12. Rad1 Qc7 13. Qd2 cxd4 14. cxd4 Nd5
15. Rc1 Qb8 16. Bxh6 gxh6 17. Qxh6 Bf4 18. Qh7+ Kf8 19. Bg6 fxg6 20. Nh4 Ne7
21. Qh8+ Kf7 22. Qh7+ Kf8 23. Qh8+ Kf7 24. Qh7+ 1/2-1/2

[Event "23. Erfurter Schachfestival 2013 / Haup"]
[Site "Erfurt"]
[Date "2013.12.27"]
[Round "3.10"]
[White "Sauer, Marko"]
[Black "Bohne, Alexander"]
[Result "0-1"]
[WhiteElo "2077"]
[BlackElo "1940"]
[PlyCount "120"]
[EventDate "2013.12.26"]
[EventRounds "8"]
[EventCountry "GER"]

1. d4 Nf6 2. Nf3 d5 3. c4 c6 4. Nc3 g6 5. Bf4 Bg7 6. Qd2 Ne4 7. Nxe4 dxe4 8.
Ng5 Qxd4 9. O-O-O Qxc4+ 10. Kb1 O-O 11. e3 Qa4 12. f3 exf3 13. gxf3 h6 14. b3
Qa3 15. Ne4 Bf5 16. Bd3 Rd8 17. Qe2 Na6 18. Nf2 Bxd3+ 19. Nxd3 Nb4 20. Nxb4
Qxb4 21. Rd3 e5 22. Bg3 e4 23. fxe4 Qxe4 24. Rhd1 Rd5 25. Qc2 Rad8 26. Rxd5
Qxc2+ 27. Kxc2 Rxd5 28. Re1 f5 29. e4 fxe4 30. Rxe4 Kf7 31. Bb8 a6 32. Bc7 Bf6
33. Re2 g5 34. Bb6 g4 35. Be3 h5 36. Rf2 Kg6 37. Rg2 Bg5 38. Bb6 Bf4 39. Kc3
Kf5 40. Re2 Be5+ 41. Kc4 h4 42. b4 g3 43. hxg3 hxg3 44. a4 Kf4 45. Re1 g2 46.
Re2 Kf3 47. Re3+ Kg4 48. Re1 Bf6 49. Re4+ Kh3 50. Re1 Bh4 51. Re3+ Bg3 52. Re7
c5 53. Rh7+ Kg4 54. Rg7+ Kf3 55. Kxd5 g1=Q 56. Bxc5 Qd1+ 57. Ke6 Qxa4 58. Rf7+
Ke4 59. Re7 Bh4 60. Rd7 Qc6+ 0-1

[Event "23. Erfurter Schachfestival 2013 / Haup"]
[Site "Erfurt"]
[Date "2013.12.28"]
[Round "4.1"]
[White "Link, Klaus"]
[Black "Minor, Viatcheslav"]
[Result "1/2-1/2"]
[WhiteElo "1934"]
[BlackElo "2035"]
[PlyCount "53"]
[EventDate "2013.12.26"]
[EventRounds "8"]
[EventCountry "GER"]

1. e4 e6 2. d4 d5 3. Nd2 c5 4. exd5 Qxd5 5. Ngf3 cxd4 6. Bc4 Qd6 7. O-O Nf6 8.
Re1 Nc6 9. Nb3 a6 10. Nbxd4 Nxd4 11. Nxd4 Qc7 12. Qe2 Bd6 13. h3 b5 14. Bd3 O-O
15. Bg5 Nd5 16. Qe4 g6 17. Rac1 Bb7 18. Qh4 Bh2+ 19. Kh1 Bf4 20. Rcd1 Bxg5 21.
Qxg5 Qf4 22. Qxf4 Nxf4 23. Be4 Bd5 24. Bxd5 Nxd5 25. c3 Rac8 26. g3 Rc4 27. Nf3
1/2-1/2

[Event "23. Erfurter Schachfestival 2013 / Haup"]
[Site "Erfurt"]
[Date "2013.12.28"]
[Round "4.2"]
[White "Dannhaeuser, Kevin"]
[Black "Haugk, Franko"]
[Result "1/2-1/2"]
[WhiteElo "1773"]
[BlackElo "1963"]
[PlyCount "75"]
[EventDate "2013.12.26"]
[EventRounds "8"]
[EventCountry "GER"]

1. Nf3 Nf6 2. g3 g6 3. Bg2 Bg7 4. d4 d6 5. c4 O-O 6. Nc3 c6 7. e4 Nfd7 8. Be3
e5 9. d5 c5 10. h4 Nf6 11. Qc1 Ng4 12. Bd2 h5 13. Ng5 Na6 14. f3 Nf6 15. Nh3
Nc7 16. Bh6 a6 17. Bxg7 Kxg7 18. a4 Rb8 19. O-O b5 20. axb5 axb5 21. Ng5 bxc4
22. f4 Ng4 23. Ra7 Rb7 24. Rxb7 Bxb7 25. Bh3 f6 26. Ne6+ Nxe6 27. dxe6 Qe8 28.
Bxg4 hxg4 29. fxe5 dxe5 30. Qe3 Qxe6 31. Qxc5 Rc8 32. Qa7 Qa6 33. Qxa6 Bxa6 34.
Ra1 Ra8 35. Ra4 f5 36. Kf2 f4 37. gxf4 exf4 38. Nd5 1/2-1/2

[Event "23. Erfurter Schachfestival 2013 / Haup"]
[Site "Erfurt"]
[Date "2013.12.28"]
[Round "4.3"]
[White "Werner, Bernd-Michael"]
[Black "Langer, Simon"]
[Result "0-1"]
[WhiteElo "2087"]
[BlackElo "1778"]
[PlyCount "150"]
[EventDate "2013.12.26"]
[EventRounds "8"]
[EventCountry "GER"]

1. e4 e6 2. d4 c5 3. d5 exd5 4. exd5 d6 5. c4 Nf6 6. Bd3 Be7 7. Nf3 Bg4 8. O-O
O-O 9. h3 Bh5 10. Be3 Nbd7 11. Be2 Re8 12. Nc3 a6 13. a4 a5 14. Qd2 Bg6 15.
Rae1 Ne4 16. Nxe4 Bxe4 17. Nh2 h6 18. f4 Bh7 19. Bd3 Nf6 20. Bf2 Qb6 21. Re3
Bf8 22. Rfe1 Bxd3 23. Qxd3 Rxe3 24. Bxe3 Qxb2 25. Rb1 Qa2 26. Rxb7 Qxa4 27. g4
Re8 28. g5 Qa1+ 29. Nf1 hxg5 30. fxg5 Ne4 31. Rb1 Qe5 32. Bd2 Nxd2 33. Qxd2 Qf5
34. Rb3 a4 35. Rg3 g6 36. Qf2 Qxf2+ 37. Kxf2 Bg7 38. Ra3 Ra8 39. Nd2 Bb2 40.
Ra2 a3 41. Ke2 Kg7 42. Ne4 Ra6 43. Kf3 f6 44. gxf6+ Bxf6 45. Kg4 Be5 46. Kf3
Ra4 47. Nd2 Kf6 48. Ke2 Kg5 49. Kd3 Kf4 50. Ne4 Bb2 51. Nxd6 Rb4 52. Ne4 Rb3+
53. Kc2 Rxh3 54. Nxc5 Rc3+ 55. Kd2 Rxc4 56. Nd3+ Kf3 57. Nxb2 axb2 58. Rxb2
Rd4+ 59. Ke1 Rxd5 60. Rb3+ Kg2 61. Re3 Rf5 62. Re6 g5 63. Re2+ Kg3 64. Re3+ Rf3
65. Re6 g4 66. Ke2 Kg2 67. Rg6 g3 68. Rg8 Rf6 69. Ke3 Kh2 70. Rh8+ Kg1 71. Rg8
g2 72. Ra8 Re6+ 73. Kf3 Rf6+ 74. Kg3 Rg6+ 75. Kf3 Rh6 0-1

[Event "23. Erfurter Schachfestival 2013 / Haup"]
[Site "Erfurt"]
[Date "2013.12.28"]
[Round "4.4"]
[White "Niessner, Ansgar"]
[Black "Siebarth, Marco"]
[Result "1/2-1/2"]
[WhiteElo "1920"]
[BlackElo "2045"]
[PlyCount "108"]
[EventDate "2013.12.26"]
[EventRounds "8"]
[EventCountry "GER"]

1. e4 c5 2. Nc3 Nc6 3. g3 d6 4. Bg2 g6 5. d3 Bg7 6. Nf3 e6 7. O-O Nge7 8. Bf4
O-O 9. Qd2 a6 10. Bh6 Rb8 11. Bxg7 Kxg7 12. Nd1 b6 13. Ne3 d5 14. exd5 Nxd5 15.
Nxd5 Qxd5 16. Ng5 Qd7 17. f4 Bb7 18. Rae1 h6 19. Nf3 Nd4 20. Ne5 Qc7 21. Bxb7
Qxb7 22. Qf2 Nc6 23. Nxc6 Qxc6 24. d4 cxd4 25. Qxd4+ Kg8 26. c3 Rbd8 27. Qe3
Rd5 28. Rd1 Rfd8 29. Rxd5 Rxd5 30. Qf3 Qa4 31. a3 Qc2 32. Rf2 Qb1+ 33. Kg2 h5
34. Qe2 b5 35. Qc2 Qa2 36. Rd2 Kg7 37. Kf2 a5 38. Rd4 Rxd4 39. cxd4 b4 40. axb4
axb4 41. h3 Qd5 42. Ke3 Qh1 43. h4 Qe1+ 44. Kf3 Kf6 45. Qe2 Qh1+ 46. Kf2 Kf5
47. g4+ Kf6 48. Qe5+ Ke7 49. Qc7+ Kf8 50. Qd8+ Kg7 51. gxh5 Qh2+ 52. Kf3 Qh1+
53. Kf2 Qh2+ 54. Kf3 Qh3+ 1/2-1/2

[Event "23. Erfurter Schachfestival 2013 / Haup"]
[Site "Erfurt"]
[Date "2013.12.28"]
[Round "4.5"]
[White "Bohne, Alexander"]
[Black "Salewski, Bernd"]
[Result "1/2-1/2"]
[WhiteElo "1940"]
[BlackElo "2012"]
[PlyCount "23"]
[EventDate "2013.12.26"]
[EventRounds "8"]
[EventCountry "GER"]

1. e4 e6 2. b3 d5 3. exd5 exd5 4. Nf3 Be7 5. Bb2 Bf6 6. Qe2+ Qe7 7. Bxf6 Nxf6
8. Nc3 Qxe2+ 9. Bxe2 a6 10. d4 Bf5 11. O-O-O O-O 12. Na4 1/2-1/2

[Event "23. Erfurter Schachfestival 2013 / Haup"]
[Site "Erfurt"]
[Date "2013.12.28"]
[Round "4.6"]
[White "Voelz, Stephan"]
[Black "Voelz, Michael"]
[Result "1/2-1/2"]
[WhiteElo "1935"]
[BlackElo "1853"]
[PlyCount "21"]
[EventDate "2013.12.26"]
[EventRounds "8"]
[EventCountry "GER"]

1. d4 d5 2. Nf3 Nf6 3. Bf4 e6 4. e3 Nbd7 5. Be2 Be7 6. h3 O-O 7. O-O c6 8. c3
Ne8 9. Nbd2 Bd6 10. Bxd6 Nxd6 11. Rc1 1/2-1/2

[Event "23. Erfurter Schachfestival 2013 / Haup"]
[Site "Erfurt"]
[Date "2013.12.28"]
[Round "4.7"]
[White "Muuss, Klaus"]
[Black "Jacob, Hannes"]
[Result "1-0"]
[WhiteElo "2003"]
[BlackElo "1836"]
[PlyCount "73"]
[EventDate "2013.12.26"]
[EventRounds "8"]
[EventCountry "GER"]

1. e4 e5 2. Nf3 Nc6 3. Bb5 a6 4. Ba4 Nf6 5. O-O b5 6. Bb3 Bc5 7. Re1 O-O 8. c3
d6 9. h3 Re8 10. d4 exd4 11. cxd4 Bb4 12. Nc3 h6 13. Bc2 Bb7 14. Bf4 Ba5 15. a3
b4 16. axb4 Bxb4 17. Qd3 Ne7 18. e5 dxe5 19. Bxe5 Ng6 20. Qc4 Nxe5 21. Nxe5 Nd5
22. Qd3 Nf6 23. Ng4 Re6 24. Rxe6 fxe6 25. Qg6 Nxg4 26. Qxe6+ Kh8 27. Qxg4 Qf6
28. Ne4 Qc6 29. Bd3 Rf8 30. Rd1 Bc8 31. Qh4 Bb7 32. f3 Qd5 33. Nf2 Qb3 34. Qg4
Rf6 35. Qd7 Qxb2 36. Qe8+ Bf8 37. Rb1 1-0

[Event "23. Erfurter Schachfestival 2013 / Haup"]
[Site "Erfurt"]
[Date "2013.12.28"]
[Round "4.8"]
[White "Poelsterl, Hans"]
[Black "Joerges, Frank"]
[Result "0-1"]
[WhiteElo "1935"]
[BlackElo "1932"]
[PlyCount "132"]
[EventDate "2013.12.26"]
[EventRounds "8"]
[EventCountry "GER"]

1. c4 Nf6 2. Nc3 d5 3. cxd5 Nxd5 4. Nf3 c6 5. g3 Bg4 6. Bg2 Bxf3 7. Bxf3 e6 8.
O-O Be7 9. e4 Nf6 10. d4 O-O 11. Bg5 h6 12. Be3 Nbd7 13. Qb3 Qb6 14. Qc2 Qa5
15. a3 Rfc8 16. b4 Qc7 17. Rfc1 a5 18. Rab1 axb4 19. axb4 e5 20. Nd5 Nxd5 21.
exd5 exd4 22. Bxd4 Bg5 23. Rd1 cxd5 24. Qf5 Nb6 25. h4 Bd8 26. Re1 Bf6 27. Bxf6
gxf6 28. Qxf6 Qc6 29. Qf4 Qg6 30. Rbc1 Rxc1 31. Rxc1 Qe6 32. Rc7 Nd7 33. Rxb7
Qh3 34. Qg4+ Qxg4 35. Bxg4 Ne5 36. Bh5 Ra2 37. f4 Ng6 38. Bf3 Ra1+ 39. Kg2 d4
40. Rd7 Ra2+ 41. Kf1 Ra3 42. Kf2 d3 43. b5 Nf8 44. Rd8 Kg7 45. f5 Rb3 46. Bc6
Nh7 47. g4 Nf6 48. g5 hxg5 49. hxg5 Ng4+ 50. Ke1 Ne5 51. Be4 f6 52. gxf6+ Kxf6
53. Rd6+ Kg5 54. b6 Kf4 55. Bd5 Rb1+ 56. Kd2 Kxf5 57. Be4+ Kxe4 58. Rh6 Rxb6
59. Rh4+ Kd5 60. Rh5 Rb2+ 61. Kc1 Re2 62. Kd1 Rg2 63. Rh4 Rg4 64. Rh8 Kd4 65.
Rd8+ Kc3 66. Ke1 Nc4 0-1

[Event "23. Erfurter Schachfestival 2013 / Haup"]
[Site "Erfurt"]
[Date "2013.12.28"]
[Round "4.9"]
[White "Budde, Michael"]
[Black "Hattendorf, Jens"]
[Result "1/2-1/2"]
[WhiteElo "1841"]
[BlackElo "1994"]
[PlyCount "38"]
[EventDate "2013.12.26"]
[EventRounds "8"]
[EventCountry "GER"]

1. Nf3 Nf6 2. d4 d5 3. c4 dxc4 4. Qc2 b5 5. a4 c6 6. g3 e6 7. Bg2 Nd5 8. Bd2
Nd7 9. O-O Qb6 10. axb5 cxb5 11. Ba5 Qb8 12. e4 Nb4 13. Qd2 Nc6 14. d5 Nxa5 15.
dxe6 Nb3 16. exd7+ Bxd7 17. Qd5 Be6 18. Qc6+ Bd7 19. Qd5 Be6 1/2-1/2

[Event "23. Erfurter Schachfestival 2013 / Haup"]
[Site "Erfurt"]
[Date "2013.12.28"]
[Round "4.10"]
[White "Huebner, Silvio"]
[Black "Kirste, Olaf"]
[Result "1-0"]
[WhiteElo "1835"]
[BlackElo "1962"]
[PlyCount "59"]
[EventDate "2013.12.26"]
[EventRounds "8"]
[EventCountry "GER"]

1. e4 c5 2. Nf3 e6 3. d4 cxd4 4. Nxd4 Nf6 5. Bd3 a6 6. O-O Qc7 7. Qe2 d6 8. Nc3
Be7 9. h3 O-O 10. Be3 Nbd7 11. f4 b5 12. g4 b4 13. Nd1 Bb7 14. Nf2 Nc5 15. Bd2
e5 16. Nf5 exf4 17. g5 Ne8 18. Bxf4 Ne6 19. Qe3 Nxf4 20. Qxf4 Qd8 21. h4 f6 22.
Nh3 Kh8 23. Qg3 d5 24. Rae1 Bc5+ 25. Kh1 Nd6 26. gxf6 g6 27. Nxd6 Bxd6 28. e5
Rxf6 29. Rxf6 Qxf6 30. exd6 1-0

[Event "23. Erfurter Schachfestival 2013 / Haup"]
[Site "Erfurt"]
[Date "2013.12.28"]
[Round "5.1"]
[White "Langer, Simon"]
[Black "Muuss, Klaus"]
[Result "1/2-1/2"]
[WhiteElo "1778"]
[BlackElo "2003"]
[PlyCount "26"]
[EventDate "2013.12.26"]
[EventRounds "8"]
[EventCountry "GER"]

1. e4 c5 2. c3 d5 3. exd5 Qxd5 4. d4 e6 5. Nf3 Nc6 6. Be2 Nf6 7. O-O Be7 8. Bf4
O-O 9. dxc5 Bxc5 10. Qc2 Qe4 11. Qxe4 Nxe4 12. Nbd2 Nxd2 13. Nxd2 e5 1/2-1/2

[Event "23. Erfurter Schachfestival 2013 / Haup"]
[Site "Erfurt"]
[Date "2013.12.28"]
[Round "5.2"]
[White "Minor, Viatcheslav"]
[Black "Dannhaeuser, Kevin"]
[Result "1/2-1/2"]
[WhiteElo "2035"]
[BlackElo "1773"]
[PlyCount "42"]
[EventDate "2013.12.26"]
[EventRounds "8"]
[EventCountry "GER"]

1. e4 d5 2. exd5 Qxd5 3. d4 Nf6 4. Nc3 Qa5 5. Bc4 Bf5 6. Nf3 e6 7. Bd2 c6 8.
Qe2 Be7 9. O-O-O Qd8 10. Ne5 O-O 11. g4 Bg6 12. Bf4 Nd5 13. Bxd5 cxd5 14. Qe3
Nc6 15. h4 Nxe5 16. dxe5 Bxh4 17. g5 Bxf2 18. Qxf2 Qa5 19. Kb1 Rfc8 20. Bc1 b5
21. a3 b4 1/2-1/2

[Event "23. Erfurter Schachfestival 2013 / Haup"]
[Site "Erfurt"]
[Date "2013.12.28"]
[Round "5.3"]
[White "Haugk, Franko"]
[Black "Spitzl, Vinzent"]
[Result "0-1"]
[WhiteElo "1963"]
[BlackElo "1849"]
[PlyCount "119"]
[EventDate "2013.12.26"]
[EventRounds "8"]
[EventCountry "GER"]

1. e4 c5 2. Nf3 d6 3. b3 e5 4. Nc3 Nc6 5. Be2 Nf6 6. d3 Be7 7. Nd5 Nxd5 8. exd5
Nd4 9. c3 Nxe2 10. Qxe2 O-O 11. O-O f5 12. Rb1 Bd7 13. b4 b6 14. bxc5 bxc5 15.
Nd2 Bf6 16. Nc4 Rb8 17. Rb3 Bb5 18. Qb2 Bxc4 19. dxc4 Rb6 20. Bd2 Qc7 21. Rb1
Rfb8 22. Qa3 Bd8 23. Qa4 Qe7 24. Rxb6 axb6 25. Qc6 Kf7 26. a4 Qc7 27. Qb5 Ra8
28. g3 Ra5 29. Qb3 Qd7 30. Ra1 e4 31. Qd1 g6 32. Kg2 Bf6 33. h4 Kg7 34. Rb1 Ra6
35. Rb5 Bd8 36. h5 g5 37. Qb3 Qa7 38. a5 Rxa5 39. Qb1 Ra1 40. Qc2 Qa2 41. Rb2
Qa4 42. Qb3 Qxb3 43. Rxb3 Kh6 44. Rb2 Kxh5 45. f3 exf3+ 46. Kxf3 Kg6 47. Be3 h5
48. Bf2 g4+ 49. Ke2 f4 50. Kd3 h4 51. gxf4 g3 52. Ke4 gxf2 53. Rxf2 Re1+ 54.
Kf3 Kf5 55. Rg2 Rc1 56. Rg8 Rxc3+ 57. Kg2 Bf6 58. Rb8 Kxf4 59. Rxb6 Ke5 60. Rb8
0-1

[Event "23. Erfurter Schachfestival 2013 / Haup"]
[Site "Erfurt"]
[Date "2013.12.28"]
[Round "5.4"]
[White "Joerges, Frank"]
[Black "Link, Klaus"]
[Result "1/2-1/2"]
[WhiteElo "1932"]
[BlackElo "1934"]
[PlyCount "52"]
[EventDate "2013.12.26"]
[EventRounds "8"]
[EventCountry "GER"]

1. d4 Nf6 2. c4 e6 3. Nc3 c5 4. e3 Be7 5. Nf3 O-O 6. Be2 cxd4 7. Nxd4 d5 8. O-O
dxc4 9. Bxc4 e5 10. Nf3 Qc7 11. Nd5 Nxd5 12. Bxd5 Bd7 13. Qb3 Bc6 14. Bxc6 Nxc6
15. Bd2 e4 16. Nd4 Nxd4 17. exd4 Qb6 18. Qxb6 axb6 19. Rfc1 Bf6 20. Be3 Rfd8
21. Rc4 b5 22. Rc5 b4 23. Rb5 Bxd4 24. Bxd4 Rxd4 25. Rxb7 g6 26. g3 Rad8
1/2-1/2

[Event "23. Erfurter Schachfestival 2013 / Haup"]
[Site "Erfurt"]
[Date "2013.12.28"]
[Round "5.5"]
[White "Siebarth, Marco"]
[Black "Huebner, Silvio"]
[Result "1/2-1/2"]
[WhiteElo "2045"]
[BlackElo "1835"]
[PlyCount "66"]
[EventDate "2013.12.26"]
[EventRounds "8"]
[EventCountry "GER"]

1. e4 d5 2. exd5 Qxd5 3. Nc3 Qa5 4. Bc4 Nf6 5. d4 c6 6. Bd2 Qc7 7. Nf3 Bf5 8.
Ne5 e6 9. g4 Be4 10. f3 Bd5 11. Nxd5 Nxd5 12. Bd3 Nd7 13. Qe2 Nxe5 14. dxe5
O-O-O 15. O-O-O Bc5 16. c4 Ne7 17. Bc3 Ng6 18. Qe4 Qb6 19. Bc2 h6 20. Kb1 Rxd1+
21. Rxd1 Rd8 22. Rxd8+ Qxd8 23. f4 Qh4 24. f5 Nf8 25. b4 Bb6 26. b5 cxb5 27.
Bb4 Nd7 28. fxe6 fxe6 29. cxb5 Qf2 30. a4 Qd4 31. Qxd4 Bxd4 32. Bb3 Bxe5 33. h3
Nf6 1/2-1/2

[Event "23. Erfurter Schachfestival 2013 / Haup"]
[Site "Erfurt"]
[Date "2013.12.28"]
[Round "5.6"]
[White "Niessner, Ansgar"]
[Black "Wolf, Isaak"]
[Result "0-1"]
[WhiteElo "1920"]
[BlackElo "2046"]
[PlyCount "108"]
[EventDate "2013.12.26"]
[EventRounds "8"]
[EventCountry "GER"]

1. e4 e5 2. Nf3 Nc6 3. Bb5 f5 4. d3 Bc5 5. Bg5 Nf6 6. O-O d6 7. exf5 Bxf5 8. d4
Bxd4 9. Nxd4 exd4 10. Qxd4 O-O 11. Bxc6 bxc6 12. Qc4+ Kh8 13. Qxc6 Rb8 14. b3
h6 15. Be3 Rb4 16. f3 Bd7 17. Qa6 Qe8 18. Re1 Qg6 19. Qe2 Rh4 20. g3 Nh5 21.
Qg2 Bh3 22. Qf2 Rg4 23. Kh1 Nxg3+ 24. hxg3 Rxg3 25. Rg1 Rxg1+ 26. Qxg1 Qh5 27.
Nd2 Bg4+ 28. Qh2 Bxf3+ 29. Kg1 Qg4+ 30. Kf2 Bd1+ 31. Ke1 Bxc2 32. Rc1 Bd3 33.
Rxc7 Re8 34. Qf2 Qe6 35. Nf1 Bxf1 36. Kxf1 Qxe3 37. Qxe3 Rxe3 38. Rxa7 Rc3 39.
b4 Rc2 40. b5 Rb2 41. a4 Kg8 42. Ra6 Kf8 43. Rxd6 Ke7 44. Ra6 Kd8 45. Ra7 Rb4
46. Ke2 Kc8 47. Kd3 Kb8 48. Ra6 h5 49. Kc3 Rg4 50. Kb3 h4 51. Re6 h3 52. Re3
Rh4 53. Re1 h2 54. Rh1 g5 0-1

[Event "23. Erfurter Schachfestival 2013 / Haup"]
[Site "Erfurt"]
[Date "2013.12.28"]
[Round "5.7"]
[White "Salewski, Bernd"]
[Black "Simon, Jonathan"]
[Result "1-0"]
[WhiteElo "2012"]
[BlackElo "1945"]
[PlyCount "77"]
[EventDate "2013.12.26"]
[EventRounds "8"]
[EventCountry "GER"]

1. d4 Nf6 2. Nc3 e6 3. e4 d5 4. Bg5 Be7 5. e5 Nfd7 6. h4 h6 7. Bxe7 Qxe7 8. Qg4
f6 9. Bd3 f5 10. Qg6+ Qf7 11. Qg3 O-O 12. f4 a6 13. Nce2 c5 14. c3 Nc6 15. Nf3
c4 16. Bc2 b5 17. h5 Nb6 18. Qh3 Ne7 19. Kd2 Kh8 20. Rag1 Rg8 21. g4 a5 22. Nh4
Bd7 23. Ng3 fxg4 24. Qxg4 Rgf8 25. Rf1 Na4 26. Kc1 b4 27. Rf3 Rab8 28. Rg1 bxc3
29. bxc3 Rg8 30. f5 Nb2 31. f6 gxf6 32. Qf4 Rg5 33. exf6 Nc6 34. Ng6+ Kg8 35.
Ne7+ Nxe7 36. Qxb8+ Be8 37. Kxb2 Nc6 38. Qc8 e5 39. Nf5 1-0

[Event "23. Erfurter Schachfestival 2013 / Haup"]
[Site "Erfurt"]
[Date "2013.12.28"]
[Round "5.8"]
[White "Baum, Michael"]
[Black "Voelz, Stephan"]
[Result "1/2-1/2"]
[WhiteElo "1928"]
[BlackElo "1935"]
[PlyCount "47"]
[EventDate "2013.12.26"]
[EventRounds "8"]
[EventCountry "GER"]

1. d4 Nf6 2. Bg5 d5 3. e3 Nbd7 4. Nf3 g6 5. c4 c6 6. Nc3 Bg7 7. Qc2 dxc4 8.
Bxc4 O-O 9. O-O b5 10. Bd3 Bb7 11. Ne4 Qb6 12. Rac1 Rfe8 13. Nc5 Nxc5 14. Qxc5
Nd7 15. Qc2 a5 16. e4 e5 17. dxe5 Nxe5 18. Nxe5 Bxe5 19. Be3 Bd4 20. Bxd4 Qxd4
21. Rfd1 Qf6 22. Qc3 Qxc3 23. Rxc3 Rad8 24. Rcc1 1/2-1/2

[Event "23. Erfurter Schachfestival 2013 / Haup"]
[Site "Erfurt"]
[Date "2013.12.28"]
[Round "5.9"]
[White "Hattendorf, Jens"]
[Black "Bohne, Alexander"]
[Result "1/2-1/2"]
[WhiteElo "1994"]
[BlackElo "1940"]
[PlyCount "46"]
[EventDate "2013.12.26"]
[EventRounds "8"]
[EventCountry "GER"]

1. e4 c6 2. d4 d5 3. exd5 cxd5 4. Bd3 g6 5. Bf4 Bg7 6. c3 Nf6 7. Nd2 Bf5 8.
Bxf5 gxf5 9. Qb3 Qd7 10. Ngf3 Nc6 11. Ne5 Nxe5 12. Bxe5 O-O 13. Nf3 Qc6 14. Qc2
e6 15. Qc1 Kh8 16. Qg5 Ne8 17. Bxg7+ Nxg7 18. Qf6 Qb6 19. Ng5 Qxb2 20. O-O Qe2
21. f3 f4 22. Rae1 Qd3 23. Nxf7+ Kg8 1/2-1/2

[Event "23. Erfurter Schachfestival 2013 / Haup"]
[Site "Erfurt"]
[Date "2013.12.28"]
[Round "5.10"]
[White "Hoffmann, Lennard"]
[Black "Boehm, Christian"]
[Result "0-1"]
[WhiteElo "1537"]
[BlackElo "1925"]
[PlyCount "58"]
[EventDate "2013.12.26"]
[EventRounds "8"]
[EventCountry "GER"]

1. e4 d6 2. d4 Nf6 3. Nc3 c6 4. Bd3 e5 5. d5 Be7 6. Nf3 Nbd7 7. O-O O-O 8. h3
Nc5 9. Bg5 Nxd5 10. exd5 Bxg5 11. Ne4 Nxe4 12. Bxe4 c5 13. c4 f5 14. Bc2 Bf6
15. Rb1 e4 16. Nd2 Be5 17. f4 Bd4+ 18. Kh1 Re8 19. Re1 Qh4 20. Nf3 Qf6 21. Re2
Bd7 22. Nxd4 cxd4 23. Rd2 d3 24. Bb3 Qd4 25. Rc1 Rac8 26. Rc3 Qe3 27. g3 Qxg3
28. Rg2 Qxf4 29. Qg1 Qe5 0-1

[Event "23. Erfurter Schachfestival 2013 / Haup"]
[Site "Erfurt"]
[Date "2013.12.29"]
[Round "6.1"]
[White "Spitzl, Vinzent"]
[Black "Langer, Simon"]
[Result "1-0"]
[WhiteElo "1849"]
[BlackElo "1778"]
[PlyCount "61"]
[EventDate "2013.12.26"]
[EventRounds "8"]
[EventCountry "GER"]

1. e4 c5 2. Nf3 e6 3. d4 cxd4 4. Nxd4 a6 5. Bd3 Nc6 6. Nb3 Nf6 7. Nc3 Qc7 8.
O-O Be7 9. Be3 b5 10. a3 Bb7 11. f4 d6 12. Qf3 O-O 13. Qh3 e5 14. f5 Na5 15.
Nxa5 Qxa5 16. g4 Qd8 17. g5 Nd7 18. f6 gxf6 19. gxf6 Bxf6 20. Bh6 Re8 21. Kh1
Kh8 22. Rg1 Nf8 23. Raf1 Ng6 24. Qf5 Be7 25. Qxf7 Rg8 26. Nd5 Bxd5 27. exd5 Qe8
28. Bxg6 hxg6 29. Qe6 Bf8 30. Qh3 Ra7 31. Bxf8+ 1-0

[Event "23. Erfurter Schachfestival 2013 / Haup"]
[Site "Erfurt"]
[Date "2013.12.29"]
[Round "6.2"]
[White "Link, Klaus"]
[Black "Wolf, Isaak"]
[Result "1/2-1/2"]
[WhiteElo "1934"]
[BlackElo "2046"]
[PlyCount "57"]
[EventDate "2013.12.26"]
[EventRounds "8"]
[EventCountry "GER"]

1. e4 e5 2. Nf3 Nc6 3. d4 exd4 4. Bc4 d6 5. Nxd4 Nf6 6. Nc3 Be7 7. O-O O-O 8.
h3 Re8 9. f4 Bf8 10. Nxc6 bxc6 11. Qf3 Bb7 12. Be3 d5 13. Rad1 Nxe4 14. Nxe4
Rxe4 15. Qxe4 dxe4 16. Rxd8 Rxd8 17. f5 Be7 18. Kf2 c5 19. Ke2 Kf8 20. g4 Bc6
21. b3 Ke8 22. a4 h6 23. Rh1 Bg5 24. h4 Bxe3 25. Kxe3 Ke7 26. g5 Rh8 27. f6+
gxf6 28. gxf6+ Kxf6 29. Rf1+ 1/2-1/2

[Event "23. Erfurter Schachfestival 2013 / Haup"]
[Site "Erfurt"]
[Date "2013.12.29"]
[Round "6.3"]
[White "Dannhaeuser, Kevin"]
[Black "Salewski, Bernd"]
[Result "0-1"]
[WhiteElo "1773"]
[BlackElo "2012"]
[PlyCount "64"]
[EventDate "2013.12.26"]
[EventRounds "8"]
[EventCountry "GER"]

1. Nf3 e6 2. g3 b6 3. Bg2 Bb7 4. d4 f5 5. c4 Bb4+ 6. Bd2 Be7 7. Nc3 Nf6 8. O-O
O-O 9. Ng5 Bxg2 10. Kxg2 Qc8 11. Na4 Qb7+ 12. f3 Nc6 13. e3 h6 14. Nh3 g5 15.
Qe2 Rf7 16. Bc3 d5 17. b3 a6 18. Nb2 b5 19. cxb5 axb5 20. Nd3 b4 21. Be1 Qb5
22. Qc2 Bd6 23. Nhf2 f4 24. Nxf4 gxf4 25. Qg6+ Kf8 26. Qxh6+ Ke7 27. Ng4 Nxg4
28. fxg4 Qe2+ 29. Rf2 Qxe3 30. Bd2 Qe4+ 31. Kg1 Qxd4 32. Re1 Ne5 0-1

[Event "23. Erfurter Schachfestival 2013 / Haup"]
[Site "Erfurt"]
[Date "2013.12.29"]
[Round "6.4"]
[White "Huebner, Silvio"]
[Black "Minor, Viatcheslav"]
[Result "0-1"]
[WhiteElo "1835"]
[BlackElo "2035"]
[PlyCount "58"]
[EventDate "2013.12.26"]
[EventRounds "8"]
[EventCountry "GER"]

1. d4 Nf6 2. c4 g6 3. Nc3 Bg7 4. e4 d6 5. Bd3 O-O 6. f3 e5 7. d5 c6 8. Be3 cxd5
9. cxd5 Nbd7 10. h4 Nh5 11. Nge2 f5 12. g4 fxg4 13. fxg4 Nf4 14. Qd2 Ng2+ 15.
Kd1 Nxe3+ 16. Qxe3 Nf6 17. Kc2 Nxg4 18. Qg3 Qb6 19. b3 Bd7 20. h5 g5 21. h6 Bf6
22. Kb2 Be7 23. Bb5 Bc8 24. Raf1 Rf2 25. Be8 Qd4 26. Kb1 Rxe2 27. Qf3 Rf2 28.
Rxf2 Qxf2 29. Qh3 Nf6 0-1